000 00370 a2200157 4500
001 70784
020 _a9788573076400
040 _cAnchieta - Itaigara
100 _aSmith, Corinne
240 1 0 _aDificuldades de Aprendizagem de A a Z
_lpor
245 1 0 _aDificuldades de Aprendizagem de A a Z
300 _a334
362 0 _a2001
650 4 _aEducação
942 _cBK
999 _c70784
_d70784